00518 2200193 4500001002100000005001500021035002000036007000300056008004100059020002200100082001000122084001600132100001500148245003600163250001100199260004000210300004600250650002800296INLIS00000000000043720221102082645 a0010-1122000031ta221102 a 0 ind  a978-602-252-812-8 a028.5 a028.5 WAT k0 aWatek Ideo1 aKetika Mama Pergi /cWatek Ideo aCet. I aJakarta :bErlangga For Kids,c2016 a32 halaman :bilustrasi berwarna ;c22 cm 4aSeri Pengembangan Emosi